000 00302nam a2200109Ia 4500
008 190216s9999||||xx |||||||||||||| ||und||
100 _a"Nair Rk, Banerjee Ak & Agarwal Vk"
245 0 _aBusiness Policy And Strategic Management
260 _bPragathi Prakashan
_c2003
300 _a290p
942 _cBK
999 _c6245
_d6245